Cross-country ROE in Banks and Its Decomposition

Distribúcia návratnosti kapitálu (ROE) v bankovom sektore jednotlivých krajín Európskej únie a posuny v distribúcii počas finančnej krízy. Návratnosť aktív (ROA) v stresových krajinách eurozóny, v nestresových krajinách eurozóny, v krajinách SVE. Rozklad rentability vlastného kapitálu.

Na minha lista:
Detalhes bibliográficos
Autor principal: Gertler, Ľubomíra, 1977-
Formato: Capítulo de Livro
Idioma:inglês
Assuntos:
Tags: Adicionar Tag
Sem tags, seja o primeiro a adicionar uma tag!

MARC

LEADER 00000naa a2200000 4500
001 0200702
005 20240502083510.1
041 0 |a eng 
044 |a PL 
245 1 0 |a Cross-country ROE in Banks and Its Decomposition  |c Ľubomíra Gertler 
520 |a Distribúcia návratnosti kapitálu (ROE) v bankovom sektore jednotlivých krajín Európskej únie a posuny v distribúcii počas finančnej krízy. Návratnosť aktív (ROA) v stresových krajinách eurozóny, v nestresových krajinách eurozóny, v krajinách SVE. Rozklad rentability vlastného kapitálu. 
610 2 0 |a bankovníctvo 
610 2 0 |a banky 
610 2 0 |a dekompozícia 
610 2 0 |a kapitál 
610 2 0 |a aktíva 
610 2 0 |a kríza finančná 
610 2 0 |a SVE 
610 2 0 |a Európska únia 
100 1 |a Gertler, Ľubomíra, 1977-